| 000 | 00344nam a22001217a 4500 | ||
|---|---|---|---|
| 020 | _a07-055761-6 | ||
| 082 | _a621.3823 SCH'I | ||
| 100 |
_aSCHWARTZ, MISCHA _978022 |
||
| 245 | _aINFORMATION TRANSMISSION MODULATION AND NOISE A UNIFIED APPROACH TO COMMUNICATION SYSTEM | ||
| 260 |
_aNEWYORK _bMCGRAW HILL _c1970 |
||
| 300 | _a672P | ||
| 942 | _cBK | ||
| 999 |
_c583183 _d583183 |
||